Psicología clínica fundamentos existenciales /

Wedi'i Gadw mewn:
Manylion Llyfryddiaeth
Prif Awdur: Castro Correa, Alberto de
Awduron Eraill: García Chacón, Guillermo
Fformat: Electronig eLyfr
Iaith:Sbaeneg
Cyhoeddwyd: Barranquilla, Colombia : Ediciones Uninorte, 2011.
Rhifyn:2.ed. revisada y aumentada.
Cyfres:Digitalia eBook Collection: Ediciones Uninorte
Pynciau:
Mynediad Ar-lein:Digitalia Hispánica
Tagiau: Ychwanegu Tag
Dim Tagiau, Byddwch y cyntaf i dagio'r cofnod hwn!

MARC

LEADER 00000nam a2200000Ia 4500
001 DIGUNINOR0043
003 NyNyDIG
006 m d
007 cr |||||||||||
008 130701s2011 ck ob 000 0 spa
020 |z 9789587411799 (pbk.) 
020 |z 958741179x (pbk.) 
040 |a DGITA  |b eng  |e pn  |c DGITA 
050 4 |a BF204.5 ebook 
100 1 |a Castro Correa, Alberto de.  
245 1 0 |a Psicología clínica   |h [electronic resource] :  |b fundamentos existenciales /  |c Alberto De Castro Correa, Guillermo García Chacón. 
250 |a 2.ed. revisada y aumentada.  
260 |a Barranquilla, Colombia :  |b Ediciones Uninorte,   |c 2011.   |e (New York, NY. :  |f Digitalia Inc,   |g 2012). 
300 |a 1 online resource (xiii, 228 p.) 
500 |a Primera edición, noviembre 2008. Segunda edición revisada y aumentada, noviembre 2011. 
504 |a Includes bibliographical references. 
506 |a Access restricted to subscribing institutions. 
650 0 |a Existential psychology.  
650 0 |a Clinical psychology.  
650 0 |a Knowledge, Theory of.  
650 0 |a Existential psychotherapy.  
655 0 |a Electronic books. 
700 1 |a García Chacón, Guillermo.  
791 2 |a Digitalia (Firm),  |e distributor. 
830 0 |a Digitalia eBook Collection: Ediciones Uninorte 
856 4 0 |3 Digitalia Hispánica  |u https://digitalia.unach.elogim.com/a/13676/